| 000 | 00428nam a22001817a 4500 | ||
|---|---|---|---|
| 005 | 20230606183104.0 | ||
| 008 | 230606b |||||||| |||| 00| 0 eng d | ||
| 020 | _a9780070617124 | ||
| 082 |
_a537.622 _bNEA-S |
||
| 100 | _aNeamen:Donald A. | ||
| 245 | _aSemiconductor Physics and Devices | ||
| 250 | _a3rd | ||
| 260 |
_aIndia _c2003 |
||
| 300 | _a705 | ||
| 650 | _aEngineering | ||
| 700 | _aDonald A.Neamen | ||
| 999 |
_c18614 _d18614 |
||